K problému řízení lidských zdrojů v zemědělství.

Problém počtu pracovníkov v poľnohospodárstve u nás. Nevyužitie predností koncentrácie výroby u nás. Plánovanie počtu pracovníkov v podniku. Priama pracnosť vybraných odvetví rastlinnej a živočíšnej výroby. Porovnateľnosť rastlinnej výroby s krajinami ES a vyššia prácnosť v živočíšnej výrobe. Hodnot...

Descrizione completa

Salvato in:
Dettagli Bibliografici
Autore principale: Pošvář, Z.
Natura: Capitolo di libro
Lingua:ceco
Soggetti:
Tags: Aggiungi Tag
Nessun Tag, puoi essere il primo ad aggiungerne!!

MARC

LEADER 00000naa a2200000 4500
001 r008677
005 20220831091109.0
041 0 |a cze 
044 |a [CS] 
245 1 0 |a K problému řízení lidských zdrojů v zemědělství.  |c Z. Pošvář 
520 |a Problém počtu pracovníkov v poľnohospodárstve u nás. Nevyužitie predností koncentrácie výroby u nás. Plánovanie počtu pracovníkov v podniku. Priama pracnosť vybraných odvetví rastlinnej a živočíšnej výroby. Porovnateľnosť rastlinnej výroby s krajinami ES a vyššia prácnosť v živočíšnej výrobe. Hodnotenie prácnosti a orientačné plánovanie pracovníkov. 
610 2 0 |a počet pracovníkov 
610 2 0 |a poľnohospodárstvo 
610 2 0 |a zdroje pracovné 
610 2 0 |a koncentrácia výroby 
610 2 0 |a prácnosť 
610 2 0 |a výroba rastlinná 
610 2 0 |a výroba živočíšna 
610 2 0 |a plánovanie síl pracovných 
610 2 0 |a porovnanie štatistické medzinárodné 
610 2 0 |a Európske spoločenstvá 
100 1 |a Pošvář, Z.